000 00478nam a2200181Ia 4500
005 20250326123809.0
008 250326s9999 xx 000 0 und d
037 _aTextbook
040 _aFMSL
_beng
_cFMSL
041 _aeng
_2eng
084 _aS:44 L0
_qFMSL
100 _aDodwell P C
245 0 _aPerceptual learning and adaptation
_cDodwell P C
260 _aUSA
_bUSA, Penguin
_c1970
300 _a501p
942 _cTB
_hS:44 L0
999 _c1270998
_d1270998